[Event "AUT-chT2O 0809"]
[Site "Austria"]
[Date "2009.03.01"]
[Round "9.4"]
[White "Vass, Frantisek"]
[Black "Vokroj, Rene"]
[Result "1-0"]
[WhiteElo "2402"]
[BlackElo "2339"]
[PlyCount "61"]
[EventDate "2008.10.03"]
[EventType "team-tourn"]
[EventRounds "11"]
[EventCountry "AUT"]
[SourceTitle "EXT 2010"]
[Source "ChessBase"]
[SourceDate "2010.11.25"]
[SourceVersion "1"]
[SourceVersionDate "2010.11.25"]
[SourceQuality "1"]
[WhiteTeam "Lackenbach"]
[BlackTeam "Wien Austria"]
[WhiteTeamCountry "AUT"]
[BlackTeamCountry "AUT"]

1. d4 Nf6 2. Bg5 c5 3. dxc5 Qa5+ 4. Nd2 Qxc5 5. Ngf3 Ng4 6. e3 f6 7. Bh4 d5 8. h3 Nh6 9. g4 Nc6 10. c3 Nf7 11. e4 dxe4 12. Nxe4 Qb6 13. Qe2 Bd7 14. 0-0-0 0-0-0 15. Qc4 Nd6 16. Nxd6+ exd6 17. Bg2 Kb8 18. Qf7 Be8 19. Qd5 Rd7 20. Nd4 Nxd4 21. Rxd4 Rc7 22. Re1 Bf7 23. Qe4 Bg6 24. Qe3 Be7 25. Bg3 Rhc8 26. Be4 Qa5 27. Bxg6 hxg6 28. Kb1 Rd7 29. Qd3 Qb6 30. Rxe7 Rxe7 31. Rxd6 1-0

[Event "AUT-chT2O 0809"]
[Site "Austria"]
[Date "2009.02.28"]
[Round "8.4"]
[White "Vokroj, Rene"]
[Black "Schmid, Thomas"]
[Result "0-1"]
[WhiteElo "2339"]
[BlackElo "2172"]
[PlyCount "92"]
[EventDate "2008.10.03"]
[EventType "team-tourn"]
[EventRounds "11"]
[EventCountry "AUT"]
[SourceTitle "EXT 2010"]
[Source "ChessBase"]
[SourceDate "2010.11.25"]
[SourceVersion "1"]
[SourceVersionDate "2010.11.25"]
[SourceQuality "1"]
[WhiteTeam "Wien Austria"]
[BlackTeam "Stockerau"]
[WhiteTeamCountry "AUT"]
[BlackTeamCountry "AUT"]

1. e4 c5 2. Nf3 d6 3. d4 cxd4 4. Nxd4 Nf6 5. Nc3 a6 6. Bg5 e6 7. f4 Qb6 8. Qd2 Nc6 9. Nb3 Ng4 10. Bd3 h6 11. Bh4 g5 12. Qe2 Qe3 13. Nd1 Qxe2+ 14. Bxe2 Nb4 15. Rc1 Nf6 16. fxg5 hxg5 17. Bxg5 Nxe4 18. Be3 Nxa2 19. Rb1 Nb4 20. 0-0 Nxc2 21. Bb6 Nb4 22. Ne3 d5 23. Bd4 Rh7 24. Ng4 f5 25. Nf6+ Nxf6 26. Bxf6 Nc6 27. g4 fxg4 28. Bxg4 Be7 29. h3 e5 30. Kg2 Bxg4 31. hxg4 Bxf6 32. Rxf6 Ke7 33. Rbf1 Rg8 34. Kg3 Rhg7 35. Nc5 Rxg4+ 36. Kh3 Rg3+ 37. Kh2 Rg2+ 38. Kh1 Rg1+ 39. Kh2 Rxf1 40. Rxf1 Nd8 41. Rf5 Kd6 42. b4 e4 43. Kh3 Rg7 44. Rf6+ Ke5 45. Rf8 Nc6 46. Re8+ Re7 0-1

[Event "AUT-chT2O 0607"]
[Site "Austria"]
[Date "2006.10.07"]
[Round "2.5"]
[White "Vitouch, Anatol"]
[Black "Vokroj, Rene"]
[Result "1-0"]
[WhiteElo "2208"]
[BlackElo "2330"]
[PlyCount "127"]
[EventDate "2006.10.06"]
[EventType "team-tourn"]
[EventRounds "11"]
[EventCountry "AUT"]
[SourceTitle "EXT 2007"]
[Source "ChessBase"]
[SourceDate "2006.11.23"]
[SourceVersion "1"]
[SourceVersionDate "2006.11.23"]
[SourceQuality "1"]
[WhiteTeam "Wieden Aljechin"]
[BlackTeam "Wien Austria"]
[WhiteTeamCountry "AUT"]
[BlackTeamCountry "AUT"]

1. Nf3 b6 2. b3 Bb7 3. Bb2 e6 4. g3 f5 5. Bg2 Nf6 6. 0-0 d6 7. d3 Nbd7 8. e4 fxe4 9. Ng5 Nc5 10. Nd2 h6 11. Ngxe4 Ncxe4 12. Nxe4 Nxe4 13. Qh5+ Kd7 14. dxe4 Qe8 15. Qb5+ Ke7 16. Qe2 Rd8 17. Rae1 Kd7 18. Bh3 c6 19. f4 Kc7 20. e5 d5 21. f5 Bc5+ 22. Kh1 exf5 23. Rxf5 Rd7 24. e6 Re7 25. Bxg7 Bc8 26. Bxh8 Qxh8 27. Qe5+ Qxe5 28. Rfxe5 Kd6 29. Rh5 Bb4 30. Rd1 Ba6 31. c4 Kc7 32. Rxh6 dxc4 33. Rh8 Bd6 34. Ra8 c3 35. Rxa7+ Bb7 36. Bf5 Be5 37. Rd7+ Rxd7 38. exd7 Bf6 39. Kg1 b5 40. Kf1 Kb6 41. Rxb7+ Kxb7 42. Ke2 b4 43. Kd3 Kc7 44. Kc4 Be7 45. Kd3 Kd6 46. Ke3 Ke5 47. Bc2 Ke6 48. Kf4 Kxd7 49. Kf5 Bd6 50. Kf6 Ke8 51. Ke6 Bc5 52. Bg6+ Kf8 53. Kd7 Bg1 54. Kxc6 Bxh2 55. Kb5 Bxg3 56. Kxb4 Be1 57. Kc5 Ke7 58. Kc6 Ke6 59. Bc2 Ke5 60. a4 Kd4 61. a5 Ke3 62. a6 Kd2 63. Bh7 Bf2 64. b4 1-0

[Event "Vienna op-A 15th"]
[Site "Vienna"]
[Date "2006.08.06"]
[Round "9"]
[White "Vokroj, Rene"]
[Black "Ragger, Anna Christina"]
[Result "1/2-1/2"]
[WhiteElo "2313"]
[BlackElo "2096"]
[PlyCount "92"]
[EventDate "2006.07.29"]
[EventType "swiss"]
[EventRounds "9"]
[EventCountry "AUT"]
[SourceTitle "CBM 113 Extra"]
[Source "ChessBase"]
[SourceDate "2006.09.14"]
[SourceVersion "1"]
[SourceVersionDate "2006.09.14"]
[SourceQuality "1"]

1. e4 c5 2. Nf3 Nc6 3. Bb5 g6 4. 0-0 Bg7 5. c3 Nf6 6. Qa4 Qc7 7. d4 cxd4 8. cxd4 Nxe4 9. d5 Nc5 10. Qh4 Ne5 11. Nxe5 Qxe5 12. Nc3 Bf6 13. Qc4 b6 14. Be3 a6 15. Ba4 Nxa4 16. Qxa4 Bb7 17. Rad1 b5 18. Qa5 0-0 19. Bd4 Qf5 20. Qc7 Bxd4 21. Rxd4 Rab8 22. Re1 e6 23. Qd6 Bxd5 24. Nxd5 exd5 25. Rxd5 Qc2 26. Rd2 Qc6 27. Qxd7 Qxd7 28. Rxd7 Rfd8 29. Ra7 Rd6 30. g3 Rc8 31. Re2 Rcd8 32. Kg2 R8d7 33. Ra8+ Rd8 34. Rxd8+ Rxd8 35. Kf3 h5 36. Rc2 Rd6 37. Ke4 Kg7 38. Ke5 Re6+ 39. Kd5 Kf6 40. Rc6 Kf5 41. Rc2 Kg4 42. b4 Kf3 43. Rc7 Rf6 44. Rc2 Re6 45. Rc7 Rf6 46. Rc2 Re6 1/2-1/2

[Event "Vienna op-A 15th"]
[Site "Vienna"]
[Date "2006.08.03"]
[Round "6"]
[White "Neubauer, Martin"]
[Black "Vokroj, Rene"]
[Result "1-0"]
[WhiteElo "2480"]
[BlackElo "2313"]
[PlyCount "111"]
[EventDate "2006.07.29"]
[EventType "swiss"]
[EventRounds "9"]
[EventCountry "AUT"]
[SourceTitle "CBM 113 Extra"]
[Source "ChessBase"]
[SourceDate "2006.09.14"]
[SourceVersion "1"]
[SourceVersionDate "2006.09.14"]
[SourceQuality "1"]

1. e4 Nc6 2. d4 e5 3. d5 Nce7 4. h4 Nf6 5. Nc3 Neg8 6. f3 Bc5 7. Na4 Bxg1 8. Rxg1 Nxe4 9. Qe2 Nef6 10. Qxe5+ Qe7 11. Qxe7+ Nxe7 12. d6 Nf5 13. dxc7 Nd5 14. Kf2 Nxc7 15. g3 Nd4 16. Bd3 Nce6 17. Be3 b6 18. Be4 Rb8 19. Rad1 f5 20. Bxd4 fxe4 21. Be5 Ra8 22. fxe4 Rf8+ 23. Ke3 Rf7 24. c4 Ba6 25. b3 b5 26. cxb5 Bxb5 27. Nc3 Bc6 28. Rgf1 a6 29. Rxf7 Kxf7 30. Rf1+ Ke8 31. Bd6 Rc8 32. Rf2 Bb7 33. Kd3 Rc6 34. e5 Nc5+ 35. Kd4 Ne6+ 36. Kd3 Nc5+ 37. Kd2 Ne6 38. Ne2 Rc8 39. Kd3 Bd5 40. Nc3 Bb7 41. g4 Bg2 42. g5 Bh3 43. Nd5 g6 44. Ne3 Rc1 45. Kd2 Ra1 46. Kc3 Kd8 47. Rf7 Rxa2 48. Rxh7 Kc8 49. h5 Re2 50. Nd5 Kb7 51. h6 a5 52. Rxd7+ Kc6 53. h7 Bf5 54. Ne7+ Kxd7 55. Nxf5 Rh2 56. Nh6 1-0

[Event "Vienna op-A 15th"]
[Site "Vienna"]
[Date "2006.08.01"]
[Round "4"]
[White "Vokroj, Rene"]
[Black "Pfaffel, Thomas"]
[Result "1-0"]
[WhiteElo "2313"]
[BlackElo "2144"]
[PlyCount "101"]
[EventDate "2006.07.29"]
[EventType "swiss"]
[EventRounds "9"]
[EventCountry "AUT"]
[SourceTitle "CBM 113 Extra"]
[Source "ChessBase"]
[SourceDate "2006.09.14"]
[SourceVersion "1"]
[SourceVersionDate "2006.09.14"]
[SourceQuality "1"]

1. e4 c5 2. Nf3 d6 3. d4 cxd4 4. Nxd4 Nf6 5. Nc3 a6 6. Bg5 e6 7. f4 Qb6 8. Qd2 Nc6 9. Nb3 Be7 10. 0-0-0 0-0 11. Be2 Rd8 12. Bf3 h6 13. h4 Na5 14. Na4 Nxb3+ 15. axb3 Qc7 16. g4 Bd7 17. Bxf6 Bxf6 18. g5 b5 19. gxf6 bxa4 20. Rhg1 g6 21. Qxd6 Rdc8 22. Rg2 axb3 23. e5 bxc2 24. Qxc7 cxd1Q+ 25. Kxd1 Rxc7 26. Bxa8 Bc6 27. Bxc6 Rxc6 28. Kd2 Rc4 29. Ke3 Rb4 30. h5 g5 31. fxg5 hxg5 32. Rxg5+ Kf8 33. h6 Rh4 34. Rg1 Rxh6 35. Ra1 Kg8 36. Rxa6 Rh3+ 37. Kd4 Rb3 38. Ra2 Rb5 39. Kc4 Rxe5 40. b4 Kh7 41. Rg2 Re1 42. b5 e5 43. b6 Rb1 44. Kc5 e4 45. Rg7+ Kh6 46. Rxf7 e3 47. Re7 Rb3 48. Kc6 Kg6 49. f7 Kg7 50. b7 Rc3+ 51. Kd7 1-0

[Event "St Veit op 25th"]
[Site "St Veit"]
[Date "2006.07.16"]
[Round "9"]
[White "Genser, Harald"]
[Black "Vokroj, Rene"]
[Result "1/2-1/2"]
[WhiteElo "2332"]
[BlackElo "2313"]
[PlyCount "97"]
[EventDate "2006.07.08"]
[EventType "swiss"]
[EventRounds "9"]
[EventCountry "AUT"]
[SourceTitle "CBM 113 Extra"]
[Source "ChessBase"]
[SourceDate "2006.09.14"]
[SourceVersion "1"]
[SourceVersionDate "2006.09.14"]
[SourceQuality "1"]

1. d4 Nc6 2. Nf3 d6 3. e4 e5 4. Bb5 exd4 5. Qxd4 Bd7 6. Bxc6 bxc6 7. Bg5 f6 8. Be3 c5 9. Qd2 Ne7 10. Nc3 g6 11. Bh6 Rb8 12. b3 Bg4 13. Ng1 Nc6 14. Bxf8 Rxf8 15. h3 Be6 16. Nge2 Qd7 17. 0-0 Rf7 18. Nd5 Kf8 19. Nef4 Kg8 20. Nxc7 Bxh3 21. Nxh3 Qxc7 22. Rad1 Rd8 23. Nf4 Qe7 24. Rfe1 g5 25. Nh5 Qe5 26. Ng3 Kg7 27. Re3 Rfd7 28. c3 Ne7 29. Rf3 d5 30. Rd3 d4 31. Qe2 Qe6 32. cxd4 Rxd4 33. Rxd4 Rxd4 34. Rc1 Qd6 35. Qc2 Rd2 36. Qxc5 Qxc5 37. Rxc5 Rxa2 38. Rc7 Kf8 39. Nh5 Kf7 40. Ng7 Kxg7 41. Rxe7+ Kg6 42. g4 a5 43. Kg2 Rb2 44. Ra7 Rxb3 45. Rxa5 Rb6 46. Kg3 Re6 47. f3 Re7 48. Ra6 Re8 49. Rb6 1/2-1/2

[Event "AUT-chT2O 0506"]
[Site "Austria"]
[Date "2006.02.24"]
[Round "7.5"]
[White "Schneider Zinner, Harald"]
[Black "Vokroj, Rene"]
[Result "1-0"]
[WhiteElo "2365"]
[BlackElo "2303"]
[PlyCount "83"]
[EventDate "2005.11.19"]
[EventType "team"]
[EventRounds "11"]
[EventCountry "AUT"]
[SourceTitle "EXT 2006"]
[Source "ChessBase"]
[SourceDate "2005.11.24"]
[SourceVersion "1"]
[SourceVersionDate "2005.11.24"]
[SourceQuality "1"]
[WhiteTeam "Baden"]
[BlackTeam "Wien Austria"]
[WhiteTeamCountry "AUT"]
[BlackTeamCountry "AUT"]

1. d4 Nf6 2. c4 e6 3. g3 Bb4+ 4. Bd2 Qe7 5. Bg2 0-0 6. Nf3 Ne4 7. 0-0 Nxd2 8. Nbxd2 c6 9. c5 b6 10. Nc4 bxc5 11. a3 Ba6 12. axb4 Bxc4 13. bxc5 d5 14. cxd6 Qxd6 15. Qc2 Bb5 16. Ng5 g6 17. Rfd1 Nd7 18. Ne4 Qe7 19. Nc3 Rfc8 20. Nxb5 cxb5 21. Qd2 Rab8 22. Rxa7 Qd6 23. e4 Nb6 24. e5 Qd8 25. d5 Nxd5 26. Bxd5 exd5 27. Qxd5 Qxd5 28. Rxd5 Rc1+ 29. Kg2 Rc2 30. Rdd7 Re8 31. Rxf7 Rxe5 32. Rg7+ Kh8 33. Rxh7+ Kg8 34. Rag7+ Kf8 35. Rf7+ Kg8 36. Rhg7+ Kh8 37. Rxg6 Rxb2 38. h4 b4 39. Rb6 Re8 40. h5 b3 41. Rbb7 Rb1 42. h6 1-0

[Event "AUT-chT2O 0506"]
[Site "Austria"]
[Date "2006.01.15"]
[Round "6.2"]
[White "Hechl, Gerald"]
[Black "Vokroj, Rene"]
[Result "0-1"]
[WhiteElo "2215"]
[BlackElo "2303"]
[PlyCount "94"]
[EventDate "2005.11.19"]
[EventType "team"]
[EventRounds "11"]
[EventCountry "AUT"]
[SourceTitle "EXT 2006"]
[Source "ChessBase"]
[SourceDate "2005.11.24"]
[SourceVersion "1"]
[SourceVersionDate "2005.11.24"]
[SourceQuality "1"]
[WhiteTeam "Eichgraben"]
[BlackTeam "Wien Austria"]
[WhiteTeamCountry "AUT"]
[BlackTeamCountry "AUT"]

1. e4 c5 2. a3 g6 3. b4 Bg7 4. Nc3 b6 5. Nf3 d6 6. Bc4 e6 7. d4 Nc6 8. Be3 Nge7 9. b5 cxd4 10. Nxd4 Ne5 11. Ba2 Qc7 12. Nce2 0-0 13. 0-0 Ng4 14. Bg5 d5 15. Ng3 f6 16. Qxg4 fxg5 17. exd5 Qf4 18. Qxf4 gxf4 19. d6 Bxd4 20. dxe7 Re8 21. Rad1 Bc5 22. Rd8 Kf7 23. Ne2 g5 24. h4 h6 25. Re1 Rxe7 26. hxg5 hxg5 27. a4 Bb7 28. Rxa8 Bxa8 29. Nc1 Bb4 30. Rd1 Rc7 31. Rd8 Be4 32. Rd4 Rxc2 33. Rxe4 Rxc1+ 34. Kh2 Bc5 35. Rxe6 Kg7 36. Re2 Rf1 37. f3 Kg6 38. Bc4 Bg1+ 39. Kh3 Be3 40. Bd3+ Kf6 41. Kh2 Ra1 42. Bc2 Bg1+ 43. Kh3 Bf2 44. g3 fxg3 45. Kg2 Rg1+ 46. Kh3 Rh1+ 47. Kg2 Rh2+ 0-1

[Event "AUT-chT2O 0506"]
[Site "Austria"]
[Date "2005.11.20"]
[Round "4.1"]
[White "Vokroj, Rene"]
[Black "Lipka, Juraj"]
[Result "0-1"]
[WhiteElo "2303"]
[BlackElo "2395"]
[PlyCount "82"]
[EventDate "2005.11.19"]
[EventType "team"]
[EventRounds "11"]
[EventCountry "AUT"]
[SourceTitle "CBM 109 Extra"]
[Source "ChessBase"]
[SourceDate "2006.01.03"]
[SourceVersion "2"]
[SourceVersionDate "2006.01.03"]
[SourceQuality "1"]

1. Nf3 d5 2. g3 c6 3. Bg2 Bg4 4. b3 Nd7 5. Bb2 Ngf6 6. d3 e6 7. Nbd2 Be7 8. h3 Bh5 9. e4 0-0 10. e5 Ne8 11. Qe2 Nc7 12. g4 Bg6 13. h4 f5 14. h5 Be8 15. Bh3 f4 16. 0-0-0 a5 17. a3 c5 18. a4 Nb8 19. c4 Nc6 20. Nb1 Nb4 21. Nc3 Bc6 22. Rhg1 Qe8 23. Nb5 Bxb5 24. cxb5 d4 25. Qe4 Ncd5 26. g5 Na2+ 27. Kd2 Qd7 28. Ra1 Nac3 29. Qe1 Ne3 30. Kc1 Ned5 31. Qd2 Nb4 32. Bxc3 dxc3 33. Qxc3 Nxd3+ 34. Kc2 Nxf2 35. Bf1 c4 36. Bxc4 Bc5 37. Rge1 Rfd8 38. Re2 Ng4 39. Rd2 Qe7 40. Rad1 Ne3+ 41. Kc1 Ba3+ 0-1

[Event "AUT-chT2O 0203"]
[Site "Austria"]
[Date "2003.02.15"]
[Round "8.4"]
[White "Vokroj, Rene"]
[Black "Brod, Manfred"]
[Result "1/2-1/2"]
[WhiteElo "2287"]
[BlackElo "2237"]
[PlyCount "37"]
[EventDate "2002.10.25"]
[EventType "team-tourn"]
[EventRounds "11"]
[EventCountry "AUT"]
[SourceTitle "EXT 2020"]
[Source "ChessBase"]
[SourceDate "2019.10.17"]
[SourceVersion "1"]
[SourceVersionDate "2019.10.17"]
[SourceQuality "1"]
[WhiteTeam "Wien Austria"]
[BlackTeam "Mattersburg"]
[WhiteTeamCountry "AUT"]
[BlackTeamCountry "AUT"]

1. Nf3 c5 2. e4 Nc6 3. g3 g6 4. Bg2 Bg7 5. 0-0 d6 6. h3 e5 7. Nc3 Nge7 8. d3 0-0 9. Be3 h6 10. Nh4 g5 11. Nf3 f5 12. exf5 Nxf5 13. Nd5 Be6 14. Nd2 Qd7 15. Qh5 Bf7 16. Qg4 Be6 17. Qh5 Bf7 18. Qd1 Be6 19. Qh5 1/2-1/2

[Event "AUT-chT 0001"]
[Site "Austria"]
[Date "2000.11.17"]
[Round "3.5"]
[White "Mittelberger, Peter"]
[Black "Vokroj, Rene"]
[Result "1-0"]
[WhiteElo "2282"]
[BlackElo "2326"]
[PlyCount "94"]
[EventDate "2000.10.21"]
[EventType "team-tourn"]
[EventRounds "11"]
[EventCountry "AUT"]
[SourceTitle "EXT 2001"]
[Source "ChessBase"]
[SourceDate "2000.11.22"]
[SourceVersion "1"]
[SourceVersionDate "2000.11.22"]
[SourceQuality "1"]
[WhiteTeam "Hohenems"]
[BlackTeam "Ottakring"]
[WhiteTeamCountry "AUT"]
[BlackTeamCountry "AUT"]

1. e4 g6 2. d4 Bg7 3. Nf3 d6 4. Nc3 Nd7 5. Be2 c5 6. 0-0 cxd4 7. Nxd4 Ngf6 8. Be3 Nc5 9. f3 0-0 10. Qd2 a6 11. Rfd1 Qc7 12. a4 b6 13. Nd5 Nxd5 14. exd5 Bb7 15. b4 Nd7 16. c4 a5 17. b5 Nc5 18. Ra3 Rfe8 19. Nc6 e5 20. Rf1 f5 21. Bd3 Nd7 22. Kh1 Rf8 23. g4 fxg4 24. fxg4 Rxf1+ 25. Bxf1 Nf6 26. g5 Ne4 27. Qd3 Nc5 28. Bxc5 dxc5 29. d6 Qd8 30. Bg2 e4 31. Qd5+ Kh8 32. Bxe4 Qd7 33. Rf3 Qg4 34. d7 Rd8 35. h3 Qxd7 36. Kg2 Qe8 37. Qxd8 Qxd8 38. Nxd8 Bxe4 39. Kg3 Bc2 40. Re3 h5 41. Re6 Bxa4 42. Rxb6 Bb3 43. Kf4 Bxc4 44. Rb8 Bc3 45. b6 Be1 46. b7 h4 47. Ne6+ Kh7 1-0

[Event "AUT-chT 0001"]
[Site "Austria"]
[Date "2000.10.22"]
[Round "2.2"]
[White "Vokroj, Rene"]
[Black "Postl, Anton"]
[Result "0-1"]
[WhiteElo "2326"]
[BlackElo "2278"]
[PlyCount "68"]
[EventDate "2000.10.21"]
[EventType "team-tourn"]
[EventRounds "11"]
[EventCountry "AUT"]
[SourceTitle "EXT 2001"]
[Source "ChessBase"]
[SourceDate "2000.11.22"]
[SourceVersion "1"]
[SourceVersionDate "2000.11.22"]
[SourceQuality "1"]
[WhiteTeam "Ottakring"]
[BlackTeam "Fuerstenfeld SK Gesundheitstreff Spk"]
[WhiteTeamCountry "AUT"]
[BlackTeamCountry "AUT"]

1. Nf3 Nf6 2. g3 g6 3. c4 Bg7 4. Nc3 0-0 5. Bg2 d5 6. cxd5 Nxd5 7. 0-0 Nb6 8. d4 Nc6 9. d5 Na5 10. e4 c6 11. dxc6 Nxc6 12. Qc2 Be6 13. Rd1 Nb4 14. Qb1 Qc8 15. Be3 Bg4 16. a3 Nc6 17. Bxb6 axb6 18. Nd5 Ra6 19. Rd2 e6 20. Ne3 Bxf3 21. Bxf3 Nd4 22. Qd1 Rd8 23. Rc1 Qxc1 24. Qxc1 Nxf3+ 25. Kg2 Nxd2 26. Qc7 Raa8 27. Qxb6 Bd4 28. Qb4 Bxe3 29. fxe3 Rac8 30. Kh3 h5 31. g4 hxg4+ 32. Kxg4 Rc4 33. Qb6 Rxe4+ 34. Kg5 Kg7 0-1

[Event "Jacques Lemans op 19th"]
[Site "St Veit"]
[Date "2000.??.??"]
[Round "5"]
[White "Mazi, Leon"]
[Black "Vokroj, Rene"]
[Result "1/2-1/2"]
[WhiteElo "2380"]
[BlackElo "2306"]
[PlyCount "120"]
[EventDate "2000.07.??"]
[EventType "swiss"]
[EventRounds "9"]
[EventCountry "AUT"]
[SourceTitle "EXT 2001"]
[Source "ChessBase"]
[SourceDate "2000.11.22"]
[SourceVersion "1"]
[SourceVersionDate "2000.11.22"]
[SourceQuality "1"]

1. e4 Nc6 2. Nf3 f5 3. exf5 d5 4. d4 Bxf5 5. Bf4 e6 6. c3 Bd6 7. Bg3 Nge7 8. Bb5 0-0 9. 0-0 Bg4 10. Nbd2 Ng6 11. h3 Bxf3 12. Nxf3 Nf4 13. Re1 Qf6 14. Bxc6 bxc6 15. Ne5 Bxe5 16. Rxe5 c5 17. Qd2 cxd4 18. cxd4 c5 19. Qxf4 Qxf4 20. Bxf4 Rxf4 21. dxc5 Rc8 22. Rxe6 Rxc5 23. Re2 Rc7 24. Rd1 Rd7 25. Red2 Ra4 26. b3 Ra3 27. Kf1 a5 28. Rc1 Kf7 29. Rc6 Ra7 30. Ke2 a4 31. b4 Rb7 32. Rb2 Ke7 33. Kd2 Kd7 34. Rc3 Rxc3 35. Kxc3 Kc6 36. a3 Re7 37. Kd3 Re1 38. Rc2+ Kd6 39. b5 Rb1 40. Rc6+ Kd7 41. Ra6 Rxb5 42. Rxa4 Rb2 43. Kc3 Rxf2 44. Ra7+ Kc6 45. Rxg7 Kc5 46. a4 h5 47. Kb3 Re2 48. Rg3 Re8 49. Kc2 Ra8 50. Ra3 h4 51. Kd3 Rg8 52. Rc3+ Kd6 53. Rc2 Rg3+ 54. Kd4 Ra3 55. Rc8 Rxa4+ 56. Kd3 Ke6 57. Rh8 Kf6 58. Rh5 Ke6 59. Rh6+ Ke5 60. Rh5+ Ke6 1/2-1/2

[Event "Jacques Lemans op 19th"]
[Site "St Veit"]
[Date "2000.??.??"]
[Round "9"]
[White "Pavasovic, Dusko"]
[Black "Vokroj, Rene"]
[Result "1-0"]
[WhiteElo "2544"]
[BlackElo "2306"]
[PlyCount "76"]
[EventDate "2000.07.??"]
[EventType "swiss"]
[EventRounds "9"]
[EventCountry "AUT"]
[SourceTitle "EXT 2001"]
[Source "ChessBase"]
[SourceDate "2000.11.22"]
[SourceVersion "1"]
[SourceVersionDate "2000.11.22"]
[SourceQuality "1"]

1. e4 Nc6 2. Nf3 e5 3. d4 exd4 4. Nxd4 Bc5 5. Nxc6 Qf6 6. Qd2 Qxc6 7. Bd3 Nf6 8. 0-0 0-0 9. b4 Bd4 10. c3 Bb6 11. c4 Bd4 12. Nc3 b5 13. Nd5 Nxd5 14. exd5 Qf6 15. Rb1 bxc4 16. Bxc4 Bc3 17. Qc2 d6 18. Bb2 Bxb2 19. Qxb2 Qxb2 20. Rxb2 Re8 21. Rc1 Bb7 22. Bb3 Re7 23. f3 Rc8 24. Kf2 Kf8 25. Rbc2 Ke8 26. Bc4 Kd8 27. Rc3 Ra8 28. Ra3 Re5 29. Ra5 Kc8 30. Rc3 Re7 31. Rca3 Re5 32. g4 Kd8 33. Rxa7 Rxa7 34. Rxa7 Bxd5 35. f4 Re4 36. Bxd5 Rxf4+ 37. Kg3 Rxb4 38. Bxf7 Rd4 1-0